[Event "Brno Open 2015"]
[Site "Brno CZE"]
[Date "2015.11.19"]
[Round "7.6"]
[White "Kalisch, Michael"]
[Black "Fojtik, Tomas"]
[Result "1-0"]
[WhiteElo "1809"]
[BlackElo "2061"]
[PlyCount "45"]
[EventDate "2015.11.14"]
[EventType "swiss"]
[EventRounds "9"]
[EventCountry "CZE"]
[Source "lmi"]
[SourceDate "2015.11.14"]

1. e4 c5 2. Nc3 e6 3. f4 Nc6 4. Nf3 a6 5. g3 g6 6. Bg2 Bg7 7. O-O Nge7 8. d3
O-O 9. Be3 d6 10. Qd2 Rb8 11. d4 cxd4 12. Nxd4 Qc7 13. Nb3 b5 14. Rad1 Rd8 15.
Qf2 Na5 16. Nxa5 Qxa5 17. f5 Nc6 18. fxg6 fxg6 19. Rxd6 Rf8 20. Qd2 Rxf1+ 21.
Bxf1 Qc7 22. Bf4 e5 23. Qd5+ 1-0

[Event "Brno Open 2015"]
[Site "Brno CZE"]
[Date "2015.11.19"]
[Round "7.7"]
[White "Klucznik, Andre"]
[Black "Atmani, Amine"]
[Result "0-1"]
[WhiteElo "1864"]
[BlackElo "1575"]
[PlyCount "74"]
[EventDate "2015.11.14"]
[EventType "swiss"]
[EventRounds "9"]
[EventCountry "CZE"]
[Source "lmi"]
[SourceDate "2015.11.14"]

1. Nf3 c5 2. c4 e6 3. e4 Nc6 4. Nc3 Nf6 5. Be2 d6 6. d4 cxd4 7. Nxd4 a6 8. O-O
Be7 9. Kh1 Bd7 10. f4 Qc7 11. Be3 O-O 12. Rc1 Rfd8 13. Bf3 Rac8 14. Nd5 exd5
15. cxd5 Qb8 16. dxc6 bxc6 17. b3 d5 18. e5 Ne4 19. Qd3 c5 20. Ne2 Bb5 21. Qb1
Qb6 22. a4 Bc6 23. Bxe4 dxe4 24. Ng3 Rd3 25. Nf5 Bf8 26. Rfd1 Rxb3 27. Qc2 g6
28. Rb1 Bxa4 29. Nd4 cxd4 30. Rxb3 Bxb3 31. Qxc8 Bxd1 32. Bg1 e3 33. f5 e2 34.
Bf2 Qb1 35. e6 Bb3+ 36. Bg1 Qxg1+ 37. Kxg1 e1=Q# 0-1

[Event "Brno Open 2015"]
[Site "Brno CZE"]
[Date "2015.11.19"]
[Round "7.9"]
[White "Kalinowska, Zuzanna"]
[Black "Pawicka, Magdalena"]
[Result "1-0"]
[WhiteElo "1937"]
[BlackElo "1252"]
[PlyCount "61"]
[EventDate "2015.11.14"]
[EventType "swiss"]
[EventRounds "9"]
[EventCountry "CZE"]
[Source "lmi"]
[SourceDate "2015.11.14"]

1. d4 d5 2. Nf3 Nf6 3. g3 e6 4. Bg2 Be7 5. O-O O-O 6. c4 Nbd7 7. cxd5 exd5 8.
Bf4 b6 9. Nc3 Bb7 10. Rc1 c5 11. Qb3 cxd4 12. Nxd4 Nc5 13. Qd1 Rc8 14. Bh3 Ra8
15. Ncb5 a6 16. Bc7 Qe8 17. Nd6 Qa4 18. Qxa4 Nxa4 19. Nxb7 Nxb2 20. Nd6 Bxd6
21. Bxd6 Rfd8 22. Bc7 Re8 23. Bxb6 Nc4 24. Bc7 Re7 25. Bf4 Nh5 26. Bg2 Nxf4 27.
gxf4 Rd7 28. Bxd5 Nd2 29. Bxa8 Nxf1 30. Rc8+ Rd8 31. Rxd8# 1-0

[Event "Brno Open 2015"]
[Site "Brno CZE"]
[Date "2015.11.19"]
[Round "7.10"]
[White "Zikan, Karel"]
[Black "Simon, Petr"]
[Result "1-0"]
[WhiteElo "1704"]
[BlackElo "1765"]
[PlyCount "79"]
[EventDate "2015.11.14"]
[EventType "swiss"]
[EventRounds "9"]
[EventCountry "CZE"]
[Source "lmi"]
[SourceDate "2015.11.14"]

1. Nf3 Nf6 2. c4 g6 3. Nc3 Bg7 4. d4 d6 5. g3 O-O 6. Bg2 Nbd7 7. O-O e5 8. b3
exd4 9. Nxd4 Rb8 10. Bb2 Nc5 11. e3 Ne6 12. Nde2 Qe7 13. Nd5 Nxd5 14. Bxg7 Nxg7
15. cxd5 Bd7 16. Rc1 Rfc8 17. Nd4 Nf5 18. Rc3 Nxd4 19. Qxd4 b6 20. Rfc1 Rb7 21.
b4 a6 22. h4 Be8 23. Bh3 Bd7 24. Bxd7 Qxd7 25. Rc6 Qe7 26. Kg2 f6 27. Qd3 Ra7
28. Rxb6 cxb6 29. Rxc8+ Kf7 30. e4 Qd7 31. Rc6 b5 32. Qe3 Kg7 33. Qf4 a5 34. a3
axb4 35. axb4 Rc7 36. Rxd6 Qe7 37. Rc6 Ra7 38. d6 Qe8 39. Rc7+ Rxc7 40. dxc7
1-0

[Event "Brno Open 2015"]
[Site "Brno CZE"]
[Date "2015.11.20"]
[Round "8.1"]
[White "Gumularz, Szymon"]
[Black "Mikalsen, Erlend"]
[Result "1/2-1/2"]
[WhiteElo "2233"]
[BlackElo "2315"]
[PlyCount "76"]
[EventDate "2015.11.14"]
[EventType "swiss"]
[EventRounds "9"]
[EventCountry "CZE"]
[Source "lmi"]
[SourceDate "2015.11.14"]

1. d4 Nf6 2. c4 e6 3. Nf3 b6 4. g3 Ba6 5. Qc2 Bb4+ 6. Nbd2 O-O 7. Bg2 Bb7 8. a3
Bxd2+ 9. Bxd2 Be4 10. Qc3 d6 11. O-O Nbd7 12. Qe3 Re8 13. Bc3 a5 14. Bh3 c6 15.
Nd2 d5 16. f3 Bg6 17. Qf2 c5 18. dxc5 bxc5 19. cxd5 exd5 20. Bxf6 Nxf6 21. Qxc5
Rxe2 22. Qd4 Rb8 23. Rf2 Rxf2 24. Kxf2 Qe7 25. b4 h5 26. Bf1 h4 27. Be2 hxg3+
28. hxg3 Nh5 29. Nf1 Re8 30. Ra2 Nf6 31. b5 Qd6 32. a4 Nd7 33. Ne3 Nf6 34. Rd2
Nh5 35. Nf1 Nf6 36. Ne3 Nh5 37. Nf1 Nf6 38. Ne3 Nh5 1/2-1/2

[Event "Brno Open 2015"]
[Site "Brno CZE"]
[Date "2015.11.20"]
[Round "8.2"]
[White "Koziol, Kamil"]
[Black "Chan, Naruna"]
[Result "1-0"]
[WhiteElo "2250"]
[BlackElo "1897"]
[PlyCount "87"]
[EventDate "2015.11.14"]
[EventType "swiss"]
[EventRounds "9"]
[EventCountry "CZE"]
[Source "lmi"]
[SourceDate "2015.11.14"]

1. d4 f5 2. Nf3 Nf6 3. g3 g6 4. Bg2 Bg7 5. b3 O-O 6. Bb2 d5 7. O-O Ne4 8. c4 c6
9. e3 Nd7 10. Qc2 Ndf6 11. Nbd2 Be6 12. a3 Rc8 13. Rac1 c5 14. Nxe4 Nxe4 15.
dxc5 dxc4 16. Bxg7 Kxg7 17. Nd4 Bf7 18. b4 e5 19. Nb5 Qe8 20. Nc3 Nxc3 21. Qxc3
b6 22. cxb6 axb6 23. e4 Kg8 24. exf5 gxf5 25. Rce1 e4 26. g4 Bg6 27. gxf5 Bxf5
28. f3 Bg6 29. fxe4 b5 30. Bh3 Rxf1+ 31. Rxf1 Rc6 32. Bf5 Qe7 33. Qg3 Kg7 34.
h4 h5 35. Rf2 c3 36. e5 Kh7 37. e6 Rxe6 38. Bxe6 Qxe6 39. Qc7+ Kh6 40. Qf4+ Kh7
41. Qc7+ Kh6 42. Qxc3 Qg4+ 43. Rg2 Qxh4 44. Qh8+ 1-0

[Event "Brno Open 2015"]
[Site "Brno CZE"]
[Date "2015.11.20"]
[Round "8.3"]
[White "Chudinovskikh, Alexander M"]
[Black "Siegemund, Joachim"]
[Result "1-0"]
[WhiteElo "2235"]
[BlackElo "2134"]
[PlyCount "85"]
[EventDate "2015.11.14"]
[EventType "swiss"]
[EventRounds "9"]
[EventCountry "CZE"]
[Source "lmi"]
[SourceDate "2015.11.14"]

1. d4 d5 2. Nf3 Nf6 3. Bf4 c6 4. e3 e6 5. Bd3 Bd6 6. O-O Bxf4 7. exf4 Nbd7 8.
Nbd2 c5 9. c3 b6 10. Qe2 g6 11. Ne5 Bb7 12. Rfe1 Qe7 13. a4 a5 14. Bb5 O-O 15.
Rad1 cxd4 16. cxd4 Nxe5 17. fxe5 Nh5 18. Qe3 Ng7 19. Nf3 Ba6 20. g4 f5 21. exf6
Qxf6 22. Ne5 Bxb5 23. axb5 Qf4 24. Rc1 Qxe3 25. Rxe3 Rf4 26. Rd3 h5 27. h3 Kh7
28. Rc6 Raf8 29. f3 hxg4 30. hxg4 Rb8 31. Nd7 Rb7 32. Nxb6 Kh6 33. Kg2 Kg5 34.
Kg3 Rb8 35. Rd2 Rbf8 36. Rd3 Rb8 37. Rb3 Rxd4 38. Nd7 Rh8 39. b6 Nf5+ 40. gxf5
gxf5 41. f4+ Rxf4 42. Ne5 Rhh4 43. Nf3+ 1-0

[Event "Brno Open 2015"]
[Site "Brno CZE"]
[Date "2015.11.20"]
[Round "8.4"]
[White "Dvorak, Adam"]
[Black "Kalisch, Michael"]
[Result "1-0"]
[WhiteElo "2215"]
[BlackElo "1809"]
[PlyCount "51"]
[EventDate "2015.11.14"]
[EventType "swiss"]
[EventRounds "9"]
[EventCountry "CZE"]
[Source "lmi"]
[SourceDate "2015.11.14"]

1. d4 d5 2. g3 Nf6 3. Nf3 e6 4. c4 dxc4 5. Bg2 a6 6. Ne5 Bb4+ 7. Nc3 Nd5 8. Bd2
b5 9. O-O Bxc3 10. bxc3 Bb7 11. Rb1 Qc8 12. a4 c6 13. f4 Nd7 14. e4 N5f6 15. f5
Nb6 16. a5 Nbd7 17. Nxf7 Kxf7 18. fxe6+ Kxe6 19. e5 Kf7 20. exf6 Nxf6 21. Qh5+
Kg8 22. Rxf6 gxf6 23. Re1 Qd7 24. Bh3 Qg7 25. Be6+ Kf8 26. Bh6 1-0

[Event "Brno Open 2015"]
[Site "Brno CZE"]
[Date "2015.11.20"]
[Round "8.5"]
[White "Atmani, Amine"]
[Black "Manasyan, Haik"]
[Result "0-1"]
[WhiteElo "1575"]
[BlackElo "2055"]
[PlyCount "36"]
[EventDate "2015.11.14"]
[EventType "swiss"]
[EventRounds "9"]
[EventCountry "CZE"]
[Source "lmi"]
[SourceDate "2015.11.14"]

1. d4 d5 2. c4 Bf5 3. Nc3 e6 4. Qb3 Nc6 5. Qxb7 Nxd4 6. Nb5 Rb8 7. Nxc7+ Kd7 8.
Nxe6+ Rxb7 9. Nxd8 Nc2+ 10. Kd1 Kxd8 11. g4 Be4 12. f3 Bg6 13. e4 Nxa1 14. cxd5
h5 15. Bd3 hxg4 16. f4 g3 17. h4 Bc5 18. Ne2 Bh5 0-1

[Event "Brno Open 2015"]
[Site "Brno CZE"]
[Date "2015.11.20"]
[Round "8.6"]
[White "Tesar, Jan"]
[Black "Pozimski, Szymon"]
[Result "1-0"]
[WhiteElo "2019"]
[BlackElo "1943"]
[PlyCount "49"]
[EventDate "2015.11.14"]
[EventType "swiss"]
[EventRounds "9"]
[EventCountry "CZE"]
[Source "lmi"]
[SourceDate "2015.11.14"]

1. d4 Nf6 2. c4 b6 3. Nc3 Bb7 4. Bf4 e6 5. e3 Be7 6. Nf3 O-O 7. Bd3 d5 8. O-O
dxc4 9. Bxc4 Nh5 10. Be5 Nd7 11. d5 exd5 12. Bxd5 c6 13. Bc4 Nhf6 14. a4 h6 15.
Qb3 Nc5 16. Qa2 a5 17. Rfd1 Qe8 18. Bg3 Nfd7 19. Nd4 g6 20. e4 Na6 21. e5 Nb4
22. Qb1 Nc5 23. Qxg6+ Kh8 24. Qxh6+ Kg8 25. Nf5 1-0

[Event "Brno Open 2015"]
[Site "Brno CZE"]
[Date "2015.11.20"]
[Round "8.7"]
[White "Kopecek, Ivan"]
[Black "Zikan, Karel"]
[Result "1-0"]
[WhiteElo "1949"]
[BlackElo "1704"]
[PlyCount "67"]
[EventDate "2015.11.14"]
[EventType "swiss"]
[EventRounds "9"]
[EventCountry "CZE"]
[Source "lmi"]
[SourceDate "2015.11.14"]

1. e4 c6 2. Nf3 d5 3. Nc3 Bg4 4. h3 Bxf3 5. Qxf3 e6 6. d4 Bb4 7. Be2 dxe4 8.
Qxe4 Nf6 9. Qd3 Nbd7 10. O-O O-O 11. Qg3 Re8 12. Bg5 Be7 13. Bh6 Bf8 14. Rad1
Kh8 15. Bc1 Rc8 16. Rfe1 Qc7 17. Bf4 Qa5 18. Bg5 Be7 19. h4 h6 20. Bc1 Qc7 21.
Qh3 Nd5 22. Nxd5 cxd5 23. c3 Nf6 24. Bd3 Ng8 25. Bb1 Nf6 26. g4 Ng8 27. Qd3 g6
28. h5 Bg5 29. Bxg5 hxg5 30. hxg6 f6 31. Kg2 Kg7 32. Rh1 Nh6 33. Rxh6 Kxh6 34.
Rh1+ 1-0

[Event "Brno Open 2015"]
[Site "Brno CZE"]
[Date "2015.11.20"]
[Round "8.8"]
[White "Zeman, Arnost"]
[Black "Klucznik, Andre"]
[Result "1-0"]
[WhiteElo "1965"]
[BlackElo "1864"]
[PlyCount "61"]
[EventDate "2015.11.14"]
[EventType "swiss"]
[EventRounds "9"]
[EventCountry "CZE"]
[Source "lmi"]
[SourceDate "2015.11.14"]

1. c4 Nf6 2. Nf3 e6 3. e3 b6 4. Nc3 c5 5. Be2 Bb7 6. O-O d5 7. d4 Nbd7 8. cxd5
Nxd5 9. Bd2 N7f6 10. Qa4+ Qd7 11. Bb5 a6 12. Bxd7+ Nxd7 13. Nxd5 Bxd5 14. dxc5
b5 15. Qd1 Bxc5 16. Bc3 b4 17. Bd4 Be7 18. Rc1 O-O 19. b3 Rad8 20. Qe2 a5 21.
e4 Ba8 22. Rfd1 Nf6 23. Bxf6 Bxf6 24. e5 Bxf3 25. Qxf3 Bxe5 26. g3 Bd4 27. Kg2
e5 28. Rc7 Rd6 29. Rc6 Rd7 30. Qf5 Rfd8 31. Qxd7 1-0

[Event "Brno Open 2015"]
[Site "Brno CZE"]
[Date "2015.11.20"]
[Round "8.9"]
[White "Koci, Tereza"]
[Black "Kosina, Vladimir"]
[Result "0-1"]
[WhiteElo "1639"]
[BlackElo "1725"]
[PlyCount "92"]
[EventDate "2015.11.14"]
[EventType "swiss"]
[EventRounds "9"]
[EventCountry "CZE"]
[Source "lmi"]
[SourceDate "2015.11.14"]

1. d4 Nf6 2. c4 e6 3. Nf3 b6 4. e3 Bb7 5. Bd3 Be7 6. O-O d6 7. Nc3 Nbd7 8. e4
e5 9. dxe5 dxe5 10. Nd5 O-O 11. Nxe7+ Qxe7 12. Bg5 Nc5 13. Bxf6 Qxf6 14. Qe2
Rad8 15. Bc2 h6 16. Rad1 Qf4 17. g3 Qf6 18. Nh4 g6 19. b3 Ne6 20. Nf3 Kg7 21.
Qe3 c5 22. Rfe1 Rxd1 23. Rxd1 Nd4 24. Nxd4 exd4 25. Qe2 Re8 26. f3 h5 27. Bd3
Qe6 28. Re1 Qc6 29. Qg2 f5 30. Kf2 Qe6 31. Qh1 Qc6 32. Re2 Re5 33. Qe1 g5 34.
Qh1 g4 35. fxg4 hxg4 36. Qc1 fxe4 37. Qf4 e3+ 38. Ke1 Qh1+ 39. Qf1 Qxf1+ 40.
Kxf1 Bf3 41. Re1 Rh5 42. Kg1 Kf6 43. Bf1 Ke5 44. Bd3 Rg5 45. Kf1 Be4 46. Bxe4
Kxe4 0-1

[Event "Brno Open 2015"]
[Site "Brno CZE"]
[Date "2015.11.20"]
[Round "8.10"]
[White "Richter, Rudolf"]
[Black "Sojka, Oldrich"]
[Result "1-0"]
[WhiteElo "1125"]
[BlackElo "1569"]
[PlyCount "23"]
[EventDate "2015.11.14"]
[EventType "swiss"]
[EventRounds "9"]
[EventCountry "CZE"]
[Source "lmi"]
[SourceDate "2015.11.14"]

1. e4 e5 2. f4 exf4 3. Nf3 Bc5 4. Nc3 Nc6 5. Bc4 d6 6. d3 Nd4 7. Bxf4 Nxf3+ 8.
Qxf3 Nf6 9. O-O-O Bg4 10. Qg3 Bxd1 11. Qxg7 Rg8 12. Qxf7# 1-0

[Event "Brno Open 2015"]
[Site "Brno CZE"]
[Date "2015.11.21"]
[Round "9.1"]
[White "Mikalsen, Erlend"]
[Black "Koziol, Kamil"]
[Result "1/2-1/2"]
[WhiteElo "2315"]
[BlackElo "2250"]
[PlyCount "72"]
[EventDate "2015.11.14"]
[EventType "swiss"]
[EventRounds "9"]
[EventCountry "CZE"]
[Source "lmi"]
[SourceDate "2015.11.14"]

1. e4 c5 2. Nf3 e6 3. d4 cxd4 4. Nxd4 Nc6 5. Nb5 d6 6. c4 a6 7. N5c3 Nf6 8. Be2
Be7 9. O-O b6 10. Be3 Bb7 11. Nd2 O-O 12. Rc1 Ne5 13. f4 Ned7 14. Bf3 Rb8 15.
Qe2 Qc7 16. g4 g6 17. h4 Ne8 18. h5 gxh5 19. g5 f6 20. Bxh5 fxg5 21. fxg5 Ne5
22. Nf3 Ng7 23. Nxe5 dxe5 24. Bg4 Rxf1+ 25. Rxf1 Rf8 26. Rxf8+ Bxf8 27. Qd3 Bc5
28. b3 Bxe3+ 29. Qxe3 Qd6 30. Qf3 Bc8 31. Na4 b5 32. c5 Qe7 33. Nb2 a5 34. Qe2
b4 35. Nd1 Qd7 36. Nf2 Bb7 1/2-1/2

[Event "Brno Open 2015"]
[Site "Brno CZE"]
[Date "2015.11.21"]
[Round "9.2"]
[White "Gumularz, Szymon"]
[Black "Pokorny, Petr"]
[Result "1-0"]
[WhiteElo "2233"]
[BlackElo "2167"]
[PlyCount "67"]
[EventDate "2015.11.14"]
[EventType "swiss"]
[EventRounds "9"]
[EventCountry "CZE"]
[Source "lmi"]
[SourceDate "2015.11.14"]

1. Nf3 d5 2. g3 c6 3. Bg2 Bg4 4. O-O Nd7 5. d3 e6 6. Nbd2 Bd6 7. e4 Ne7 8. b3
Be5 9. Rb1 Bc3 10. h3 Bh5 11. g4 Bg6 12. Nh4 Qa5 13. a3 Bf6 14. Nhf3 h6 15. Qe2
e5 16. h4 dxe4 17. dxe4 Nc8 18. Bb2 O-O 19. g5 hxg5 20. hxg5 Be7 21. Nc4 Qa6
22. Nfxe5 Nxe5 23. Bxe5 Bxg5 24. f4 Bh6 25. f5 Bh7 26. f6 Bg6 27. fxg7 Re8 28.
Qg4 Qb5 29. Bd4 Bxg7 30. Bxg7 Kxg7 31. Rf5 c5 32. Rbf1 Re7 33. Ne5 Nd6 34.
Rxf7+ 1-0

[Event "Brno Open 2015"]
[Site "Brno CZE"]
[Date "2015.11.21"]
[Round "9.3"]
[White "Seddaoui, Yamine"]
[Black "Yakimenko, Alexander A"]
[Result "0-1"]
[WhiteElo "2153"]
[BlackElo "2101"]
[PlyCount "76"]
[EventDate "2015.11.14"]
[EventType "swiss"]
[EventRounds "9"]
[EventCountry "CZE"]
[Source "lmi"]
[SourceDate "2015.11.14"]

1. e4 e6 2. d4 d5 3. e5 c5 4. c3 Qb6 5. a3 Bd7 6. Nf3 Bb5 7. Bd3 Bxd3 8. Qxd3
c4 9. Qc2 Nc6 10. Be3 Nge7 11. Nbd2 Nf5 12. O-O Be7 13. Kh1 h6 14. g4 Nh4 15.
Nxh4 Bxh4 16. f4 O-O-O 17. Rab1 Na5 18. Rf3 Be7 19. f5 Kb8 20. Rbf1 Rdf8 21.
fxe6 Qxe6 22. Qf5 Nc6 23. Qxe6 fxe6 24. Rf7 Rhg8 25. Kg2 Kc8 26. Kg3 Kd8 27. h4
Ke8 28. R7f3 Rxf3+ 29. Rxf3 Rf8 30. g5 h5 31. g6 Bd8 32. Rxf8+ Kxf8 33. Nf3 Ne7
34. Ng5 Nf5+ 35. Kf4 Bxg5+ 36. hxg5 Nxe3 37. Kxe3 Ke7 38. Kf4 Kd7 0-1

[Event "Brno Open 2015"]
[Site "Brno CZE"]
[Date "2015.11.21"]
[Round "9.4"]
[White "Cip, Dalibor"]
[Black "Al Argha, Hisham"]
[Result "0-1"]
[WhiteElo "2164"]
[BlackElo "2312"]
[PlyCount "102"]
[EventDate "2015.11.14"]
[EventType "swiss"]
[EventRounds "9"]
[EventCountry "CZE"]
[Source "lmi"]
[SourceDate "2015.11.14"]

1. Nf3 d5 2. g3 Nf6 3. Bg2 Bf5 4. c4 c6 5. Qb3 Qc8 6. O-O e6 7. d3 Nbd7 8. cxd5
exd5 9. Nc3 Be7 10. Be3 h6 11. Rac1 Be6 12. Nd4 Nc5 13. Qc2 Bh3 14. b4 Bxg2 15.
Kxg2 Ne6 16. Qb3 Nxd4 17. Bxd4 Qe6 18. b5 O-O 19. Rc2 Rfc8 20. Rfc1 a6 21. bxa6
bxa6 22. a4 Rab8 23. Qa2 Nd7 24. Nxd5 Ba3 25. Nc3 Qxa2 26. Nxa2 Bxc1 27. Rxc1
f6 28. Nc3 c5 29. Nd5 Kf7 30. Be3 Rb2 31. Rc4 Ne5 32. Rxc5 Rxc5 33. Bxc5 Rxe2
34. d4 Nd3 35. Kf3 Ra2 36. Nc3 Rc2 37. Ne4 f5 38. Nd6+ Ke6 39. Ne8 Nxc5 40.
dxc5 Rxc5 41. Nxg7+ Ke5 42. Ke3 Rc3+ 43. Kd2 Ra3 44. f4+ Ke4 45. Ne6 a5 46.
Nc5+ Kd5 47. Nd7 Kd6 48. Ne5 Rxa4 49. Nf7+ Ke6 50. Nxh6 Ra2+ 51. Ke3 Rxh2 0-1

[Event "Brno Open 2015"]
[Site "Brno CZE"]
[Date "2015.11.21"]
[Round "9.5"]
[White "Siegemund, Joachim"]
[Black "Arend, Michal"]
[Result "1-0"]
[WhiteElo "2134"]
[BlackElo "1853"]
[PlyCount "63"]
[EventDate "2015.11.14"]
[EventType "swiss"]
[EventRounds "9"]
[EventCountry "CZE"]
[Source "lmi"]
[SourceDate "2015.11.14"]

1. e4 d6 2. d4 Nf6 3. Nc3 g6 4. g3 Bg7 5. Bg2 O-O 6. Nge2 c6 7. a4 e5 8. h3 a5
9. Be3 Na6 10. O-O Bd7 11. Qd2 Qc8 12. Kh2 b5 13. dxe5 dxe5 14. axb5 cxb5 15.
Rxa5 b4 16. Nd5 Nxd5 17. exd5 f5 18. Rfa1 f4 19. gxf4 exf4 20. Bxf4 Bxb2 21.
R1a2 Bc3 22. Nxc3 bxc3 23. Qd4 Rf7 24. Be5 Be8 25. Qxc3 Qxc3 26. Bxc3 Rc8 27.
Bd4 Nb4 28. Ra8 Rfc7 29. Rxc8 Rxc8 30. Ra7 Nxc2 31. Bf6 Nb4 32. d6 1-0

[Event "Brno Open 2015"]
[Site "Brno CZE"]
[Date "2015.11.21"]
[Round "9.6"]
[White "Kalinowska, Zuzanna"]
[Black "Atmani, Amine"]
[Result "0-1"]
[WhiteElo "1937"]
[BlackElo "1575"]
[PlyCount "28"]
[EventDate "2015.11.14"]
[EventType "swiss"]
[EventRounds "9"]
[EventCountry "CZE"]
[Source "lmi"]
[SourceDate "2015.11.14"]

1. d4 e6 2. Nf3 c5 3. c4 d5 4. cxd5 exd5 5. Nc3 Nf6 6. e3 Bd6 7. dxc5 Bxc5 8.
Bb5+ Nc6 9. O-O O-O 10. Na4 Bd6 11. a3 Ne5 12. Be2 Qe7 13. b4 Nxf3+ 14. Bxf3
Qe5 0-1